书目信息 |
| 题名: |
放大电路
|
|
| 作者: | 雨宫好文 , 小柴典居 主编 ;商福昆 译 | |
| 分册: | ||
| 出版信息: | 北京 科学出版社 2000.01 |
|
| 页数: | 208页 | |
| 开本: | 20cm | |
| 丛书名: | OHM电子电气入门丛书 | |
| 单 册: | ||
| 中图分类: | TN722-64 | |
| 科图分类: | ||
| 主题词: | 放大技术 , 放大器 | |
| 电子资源: | ||
| ISBN: | 7-03-008179-X | |
| 000 | 00832nam0 2200265 450 | |
| 001 | 0432456534 | |
| 005 | 20040330090056.24 | |
| 010 | @a7-03-008179-X@dCNY15.00 | |
| 100 | @a20040330d2000 km y0chiy0120 ea | |
| 101 | 0 | @achi |
| 102 | @aCN@b110000 | |
| 200 | 1 | @a放大电路@Afang da dian lu@f(日)雨宫好文,小柴典居主编@F(ri)yu gong hao wen,xiao chai dian ju zhu bian@g商福昆译@Gshang fu kun yi |
| 210 | @a北京@c科学出版社@d2000.01 | |
| 215 | @a208页@d20cm | |
| 225 | 2 | @aOHM电子电气入门丛书 |
| 300 | @a图解电子电路讲座 2 | |
| 410 | 0 | @12001 @aOHM电子电气入门丛书 |
| 606 | 0 | @a放大技术 |
| 606 | 0 | @a放大器 |
| 690 | @aTN722-64@v4 | |
| 701 | 0 | @a雨宫好文@Ayu gong hao wen@4主编 |
| 701 | 0 | @a小柴典居@Axiao chai dian ju@4主编 |
| 702 | 0 | @a商福昆@Ashang fu kun@4译 |
| 801 | 0 | @aCN@bPFT@c20040330 |
| 905 | @aBZT@dTN722-64@e2@f5 | |
| 放大电路/(日)雨宫好文,小柴典居主编/商福昆译.-北京:科学出版社,2000.01 |
| 208页;20cm.-(OHM电子电气入门丛书) |
| 图解电子电路讲座 2 |
| ISBN 7-03-008179-X:CNY15.00 |
| ● |
| 相关链接 |
|
|
|
正题名:放大电路
索取号:TN722-64/2
 
预约/预借
| 序号 | 登录号 | 条形码 | 馆藏地/架位号 | 状态 | 备注 |
| 1 | 0361178 | 230076240 | 中心书库中库/ 中库029架A面9列2层42/ [索取号:TN722-64/2] | 在馆 | |
| 2 | 0361179 | 230076251 | 中心书库中库/ 中库029架A面9列2层44/ [索取号:TN722-64/2] | 在馆 | |
| 3 | 0361180 | 230076247 | 中心书库中库/ 中库029架A面9列2层45/ [索取号:TN722-64/2] | 在馆 | |
| 4 | 0361181 | 230076249 | 中心书库中库/ 中库029架A面9列2层43/ [索取号:TN722-64/2] | 在馆 | |
| 5 | 2001061672 | 2001061672 | 样本书库/样008架B面4层1列/ [索取号:TN722-64/2] | 在馆 |